000 00656nam a2200229 i 4500
003 DO-SdBNP
005 20231026103956.0
007 ta
008 110413s1980 gt ao 000 0 spa d
040 _aDO-SdBNP
_bspa
_cBNPHU
_erda
082 _bG216c
_222
100 _aGarcía, Oneida Altagracia
_eautor
_984407
245 1 0 _aCiencias naturales 3 :
_beducación primaria /
264 _aSanto Domingo :
_bDisesa,,
_c1980.
300 _a108 páginas ;
_c23 cm.
336 _2rdacontent
_atexto
_btxt
337 _2rdamedia
_asin mediación
_bn
338 _2rdacarrier
_avolumen
_bnc
590 _aInventariado, 2023/ DG
910 _aDG
942 _2ddc
_cLBS1
999 _c55292
_d55292